00322pab a2200121 454500008004000000100002500040245006400065260000900129300001200138362001200150650002500162773001300187180718b2012 xxu||||| |||| 00| 0 eng d aSingh, Shrewan Kumar aCorporate governance and independent directors: An analysis c2012 ap.1-11. aOct-Dec aCorporate governance aAbhigyan